[Event "Tel Aviv Last Autumn"]
[Site "Tel Aviv"]
[Date "2002.11.01"]
[Round "1"]
[White "Erenburg, Sergey"]
[Black "Kudischewitsch, David"]
[Result "1/2-1/2"]
[WhiteElo "2494"]
[BlackElo "2384"]
[Annotator "Erenburg,S"]
[PlyCount "61"]
[EventDate "2002.11.01"]
[EventType "tourn"]
[EventRounds "9"]
[EventCountry "ISR"]
[EventCategory "8"]
[SourceTitle "CBM 092"]
[Source "ChessBase"]
[SourceDate "2003.02.06"]
[SourceVersion "1"]
[SourceVersionDate "2003.02.06"]
[SourceQuality "1"]

{[%mdl 8]} 1. e4 c5 2. c3 g6 3. d4 cxd4 4. cxd4 d5 5. Nc3 $5 {This is an
interesting move, but a rare one. Other possibilities are:} (5. exd5 Nf6 6. Nc3
{-transforming to Panov Attack.}) (5. e5 Nc6 6. Nc3 Bg7 7. h3 f6 8. exf6 exf6
9. Nf3 Nge7 10. Be2 O-O 11. O-O g5 $11 {1-0 Adams,M-Dzindzichashvili,R/New
York 1994/CBM 41 ext (49)}) 5... dxe4 (5... Nf6 $5 6. e5 Ne4 7. Bd3 (7. Nxe4 $5
) 7... Nxc3 8. bxc3 $13) (5... Bg7 $5 6. Nxd5 (6. exd5 Nf6 {-B14}) 6... e6 (
6... Nc6 7. Bf4 $1) 7. Nc3 Bxd4 (7... Qxd4 8. Qxd4 Bxd4 9. Nb5) 8. Nf3 $14 (8.
Bb5+ $5)) 6. Bc4 e6 $6 $146 {Nobody played this move before, probably because
of weakening the d6-square.} ({The most solid option is} 6... Nf6 7. Qb3 e6 8.
d5 exd5 (8... Bg7 9. dxe6 O-O 10. exf7+ Kh8 11. Be3 $16 {1-0 Vysochin,
S-Beeckmans,F/Brussels 2000/EXT 2001 (38)}) 9. Nxd5 Nxd5 (9... Bg7 10. Bg5 O-O
11. Rd1 Nbd7 12. Ne2 h6 13. Nxf6+ Bxf6 14. Bxh6 Bg7 15. Bxg7 Kxg7 16. h4 $40 {
1-0 Smirnov,P-Bataev,E/RUS 2000/EXT 2001 (44)}) 10. Bxd5 Qe7 11. Bd2 $44 (11.
Qc3 Qb4) (11. Bxf7+ Qxf7 12. Qc3 Nc6 13. Qxh8 Bg4)) (6... Bg7 $6 7. Qb3 e6 8.
d5 Ne7 9. dxe6 fxe6 10. Nxe4 $14) 7. Nxe4 Nc6 8. Nf3 Bg7 9. O-O ({I thought
about this move about half an hour, but I prefered to play 9.0-0, probably,
because I was sure that after 9.0-0 I'll get the advantage.} 9. Bf4 $142 $5 {
[%csl Rd6][%cal Re4d6]} Qa5+ (9... Nxd4 $4 10. Nd6+) 10. Kf1 (10. Bd2 Qc7)
10... Nf6 (10... Nge7 11. Nd6+ Kf8 12. Ng5 (12. Ne5 Nxe5 13. dxe5 Nc6 (13...
Bxe5 14. b4) 14. Qe2 $13) 12... Nd8 $13) 11. Nd6+ Ke7 12. Ng5 ({After} 12. Ne5
$2 {black reacts with cool} Kxd6 $1 {and white hasn't anything.}) (12. Qb3 $2
Qb4) 12... Nd8 (12... Rf8 13. Nb5 $16) 13. Be5 $16) 9... Nge7 {Black has to
complete the development.} (9... Nf6 10. Bg5 $14 {[%csl Rf6]}) ({It is very
dangerous to take the pawn d4, because afterwards white gets a very strong
compensation.} 9... Nxd4 10. Nxd4 Bxd4 (10... Qxd4 11. Qe2 $5 $44 (11. Be3 $44)
) 11. Bf4 $44) 10. Bg5 h6 (10... O-O 11. Qd2 $1 $14 {[%cal Gg5f6,Gg5h6]} (11.
Nf6+ Kh8 12. d5 exd5 13. Nxd5 Be6)) 11. Bf6 {White changes the dark-squared
bishops to weaken the black squares in the black's camp.} ({White achieved
nothing after} 11. Nf6+ Kf8 12. Bh4 g5) 11... O-O 12. Qd2 Bxf6 13. Nxf6+ Kg7
14. Ng4 $1 {[%csl Re5,Rf6,Rh6]} (14. Ne4 $6 {was too slow, because of} Qa5 $1)
14... Nf5 15. Rad1 (15. Rfd1 $5) (15. Qc3 {threating d4-d5,but black has} Qa5
16. Ne3 Nd6) 15... Qa5 (15... Nce7 {[%csl Yd5] Black prevents the strike d4-d5.
} 16. Ne3 $14) 16. Qc1 $6 {This move throws away the advantage white has got.}
({While right move was} 16. Qf4 $142 Qb4 17. d5 {[%csl Yc4,Rf5][%cal Gg4h6,
Gf4h6]} (17. Bb3 Rd8 $5 $13) 17... exd5 (17... h5 $5 18. dxc6 hxg4 19. cxb7
Bxb7 20. Ne5 $16) 18. Rxd5 Nce7 (18... Qxb2 19. Rxf5 Bxf5 20. Qxh6+ Kg8 21. Ng5
Qg7 22. Nf6+ $18) 19. Rd2 $14) 16... h5 (16... Rd8 $2 17. Nh4 $1 {[%csl Rf5]
[%mdl 192]} g5 (17... Ncxd4 18. Rxd4 $1 Rxd4 19. b4 $1 Qb6 20. Nxf5+ exf5 21.
Qxh6+ Kg8 22. Re1 $1 Re4 23. Rxe4 fxe4 24. Ne5 Be6 25. Nxg6 fxg6 26. Qxg6+ Kf8
27. Qf6+ Ke8 28. Bxe6 $16) 18. Nxf5+ Qxf5 (18... exf5 19. d5 fxg4 20. dxc6) 19.
Ne3 $14) 17. Ne3 Nce7 $11 {[%csl Yd5,Yf5]} (17... Rd8 {was enough as well for
an equal position.} 18. Nxf5+ Qxf5 19. Qc3 Qf6 $11) 18. Nxf5+ Qxf5 {Black
succeeded to prevent white's strike d4-d5, he is going to blocade the d4 pawn
with the knight.} (18... Nxf5 {[%csl Rd5]} 19. d5 $36) 19. Ne5 Qf6 {The
black's only problem is his bishop that didn't enter to the game yet.} 20. Be2
{[%cal Ye2f3,Gc1c7]} Rd8 (20... Nd5 $5 21. Bf3 Rd8) 21. Rd2 $6 (21. Bf3 Nd5 $11
(21... Nf5 22. Qc3 $14)) 21... Nf5 22. Rfd1 $6 {White sacrifices the d4 pawn
with in the hope to use the fact, that black's pieces on the queen side didn't
enter to the game yet.} (22. Qc3 b6 23. Bf3 Ba6 $11) 22... Nxd4 {Black has to
capture the d4 pawn, otherwise:} (22... b6 $2 23. Bf3) 23. Rxd4 Rxd4 24. Rxd4
Qxe5 25. Qc3 {[%cal Rc3g7,Gd4d8,Ge2f3]} b6 (25... Kh7 26. Bf3 $44) (25... Kh6
26. Bf3 $44) (25... Qf6 $5 26. Bf3 $44) 26. Bf3 (26. Bxh5 Bb7 $11 (26... gxh5
$4 27. Rg4+ Kf6 28. Rf4+) (26... Qxh5 $4 27. Rh4+)) ({White didn't achieve
anything after} 26. f4 Qc5 {[%cal Rc5g1]} (26... Qf6 27. Bf3 Rb8 28. Rd8 Qxc3
29. bxc3 Kf6 30. Re8 $18 {with following transfer of white's bishop to d7.})
27. Bc4 {[%cal Gb2b4]} Kg8) 26... Rb8 27. Rd8 Qxc3 28. bxc3 {threating
Bf3-c6-d7} Kf6 (28... b5 29. g3 Kf6 30. Re8 Ke5 31. Rd8 $11) 29. Re8 $1 {
preventing Ke7} Ke5 {The black king is going to d6.} 30. Rd8 (30. Re7 {If
white tries to win this position, he would find himself in trouble:} Kd6 31.
Rxf7 Bd7 {[%csl Rc3][%cal Gb8c8,Gc8c3]}) 30... Kf6 31. Re8 {Both of opponents
can't play for a win, because this will worsen the position of one of them.} (
31. Be2 Ke7 32. Rg8 Ra8 {[%cal Gc8b7]}) (31. Bc6 Ke7 32. Re8+ Kd6 33. Bb5 Ra8)
1/2-1/2

[Event "Las Palmas op 24th"]
[Site "Las Palmas"]
[Date "2003.08.31"]
[Round "9.2"]
[White "Erenburg, Sergey"]
[Black "Murariu, Andrei"]
[Result "1-0"]
[WhiteElo "2512"]
[BlackElo "2389"]
[Annotator "Erenburg,S"]
[PlyCount "77"]
[EventDate "2003.08.25"]
[EventType "swiss"]
[EventRounds "9"]
[EventCountry "ESP"]
[SourceTitle "CBM 097"]
[Source "ChessBase"]
[SourceDate "2003.11.11"]
[SourceVersion "1"]
[SourceVersionDate "2003.11.11"]
[SourceQuality "1"]

1. e4 c5 2. c3 d5 3. exd5 Qxd5 4. d4 Nf6 5. Nf3 e6 6. Be3 Nbd7 (6... cxd4 {
is more popular option.}) 7. c4 {In my opinion, the most principal
continuation. Other ones don't give anything:} (7. Bd3 b6 8. O-O Bb7 9. c4 Qc6
10. dxc5 Bxc5 11. Bxc5 bxc5 12. Re1 O-O 13. Nc3 Rfd8 14. Qe2 Nf8 15. Ne4 Nxe4
16. Bxe4 Qxe4 17. Qxe4 Bxe4 18. Rxe4 Rab8 19. Re2 f6 {1/2-1/2 Erenburg,
S-Horvath,C/Budapest 2002/EXT 2003 (19)}) (7. Be2 b6 8. Na3 a6 9. Nc4 b5 10.
Nce5 Bb7 11. c4 bxc4 12. Bxc4 Qd6 13. O-O cxd4 14. Bxd4 Be7 15. Nxf7 Kxf7 16.
Ng5+ Ke8 17. Nxe6 $13 {1/2-1/2 Mukhametov,E-Vitiugov,N/St Petersburg vs.
Moscow, St Petersburg 2003 (62)}) 7... Qd6 8. Nc3 a6 {covering the b5 square.
Usually black takes on d4 firstly, and after it plays a7-a6:} (8... cxd4 9.
Nxd4 a6 10. Be2 Qc7 11. O-O b6 12. Bf3 Bb7 13. Rc1 (13. Re1 Ne5 (13... Be7 14.
Bf4 Qxf4 15. Bxb7 Ra7 16. Bf3 Bb4 (16... Rc7 17. g3 Qd6 18. Nd5 Nxd5 19. cxd5
Ne5 20. Bg2 O-O 21. dxe6 fxe6 22. Nxe6 Nd3 23. Re2 Rc4 24. Nxf8 Kxf8 25. Rd2
Rd4 26. Bf1 Ne5 27. Rxd4 {1-0 Sermek,D-Titz,H/Pula 2001}) 17. Nd5 Nxd5 18. Re4
Ne3 19. Qa4 Qd6 20. fxe3 O-O 21. a3 Bd2 22. Qd1 Nc5 23. Qxd2 f5 24. Rxe6 Nxe6
25. Bd5 Re7 26. Qb4 {1-0 Pavasovic,D-Hoelzl,F/Bled 2000}) 14. Bxb7 Qxb7 15. Bg5
$1 Nfd7 16. Qh5 $1 $40 {1-0 Erenburg,S-Kacheishvili,G/4th IECC, Istanbul TUR
2003 (32)}) 13... Rc8 $2 14. Re1 {1-0 Rozentalis,E-Titz,H/Halkidiki 2002/CBM
92/[Rogozenko] (27)}) 9. dxc5 {From my point of view, the only attempt to
fight for an advantage. White tried other possibilities, but without succeess.}
(9. a3 Be7 $2 (9... cxd4 $1 $11) 10. dxc5 Nxc5 11. Qxd6 Bxd6 12. b4 Nce4 13.
Nxe4 Nxe4 14. Bd3 $16 {1-0 Schoebel,F-Gerndorf,M/Ruhrgebiet 1999/EXT 2002 (46)}
) (9. g3 cxd4 10. Bxd4 Qc6 11. Qe2 Bc5 12. Rd1 b6 13. Bg2 Bb7 $11 {1/2-1/2
Egin,V-Vitiugov,N/St Petersburg 2002/EXT 2003 (64)}) (9. Be2 Be7 10. O-O O-O
11. Qd2 cxd4 12. Nxd4 Nc5 13. Bf3 (13. b4) 13... e5 $11 {1/2-1/2 Papp,
A-Nadassy,A/Budapest 2001/EXT 2003 (37)}) 9... Qxd1+ 10. Rxd1 Bxc5 11. Bxc5
Nxc5 12. b4 $1 $146 {White has to play aggressively, increasing the space
advantage on the queenside. Otherwise, black will get fine position:} (12. Be2
Ke7 13. O-O b6 14. Rd4 Bb7 15. Rfd1 Rhd8 $11 {0-1 Parfenov,V-Eliseev,A/Moscow
2001/EXT 2002 (45)}) 12... Nfe4 (12... Nce4 13. Nxe4 (13. Na4 $5 Ng4 14. Nb6
Rb8 15. Rg1 Ngxf2 16. Rc1 Ng4 17. Bd3 $44) 13... Nxe4 14. Rd4 $1 $14 (14. Bd3
Nc3 15. Rd2 a5 $1 16. b5 Na4 $13 {[%cal Ya4c5]}) 14... Nc3 $140 15. a3 a5 16.
Kd2 Nb1+ 17. Kc1 Nxa3 18. b5 $18) 13. Nb1 $5 {Black suffers from a lack of
space, so it is logical decision not to change the knights.} (13. Nxe4 {
See 12...Nce4 variation.}) 13... Na4 14. Rd4 $1 Nf6 15. Be2 {White completes
the development, while black has some difficulties with to do the same:} Ke7 (
15... b6 16. Bd1) 16. Kd2 $1 $14 {White king is going to be activated by the
transfer to queenside. We can resume the results of the opening, as the
successful ones for white. He has got a space advantage, his pieces are
located better, especially his light-squared bishop, in comparison to black's
one. White's plan is to improve the positions of some of his pieces and to
start to push forward his queenside pawns, in order to organize the passed
pawn there.} a5 {trying to get some counterplay.} 17. a3 axb4 18. axb4 Rd8 19.
Rxd8 Kxd8 20. Kc2 Nb6 21. Nc3 Ke7 22. Rd1 Ng4 {Black hasn't useful moves, so
he chooses the waiting strategy.} ({Black doesn't succeed to get into the game
his light-squared bishop:} 22... Bd7 23. Ne5 Be8 24. Bf3 $16) 23. h3 $1 Nf6 24.
Kb3 h6 {Another useless move.} 25. Ne5 {White's pieces have occupied ideal
positions, so it is the time for a decisive actions.} Nbd7 {Of course, black
is happy to trade something, but it will not make his life easier...} 26. Nxd7
$1 Bxd7 27. b5 $1 $16 {preventing form black to occupy the c6 square by the
bishop. Now white is going to occupy the long diagonal h1-a8 and is ready to
continue to push forward his queenside' pawns.} (27. Bf3 Bc6 28. Bxc6 bxc6 29.
b5 $14) 27... b6 $2 {creating for himself a serious weakness. More resistant
was} (27... Rd8 28. Bf3 Bc8 29. Rxd8 (29. Ra1 $5) 29... Kxd8 30. c5 $16) 28.
Bf3 Rb8 $8 (28... Ra7 29. Na4 $18) 29. Ra1 $18 {White occupies the "a" line,
and is ready for invasion into the 7-th rank. Another white's threat is the
attack on the black weak pawn b6, through Ra1-a6 with following Nc3-a4.} Bc8
30. Ra7+ Nd7 31. Bc6 {Black's pieces are paralized. White has a clear and very
simple plan- to win the pawn b6.} f5 (31... Kd8 32. Ne4 $18) 32. Na4 Kd6 ({
Doesn't help} 32... Kd8 33. Kb4 $18 {[%cal Yc4c5]}) 33. Bxd7 $1 {wins on the
spot.} ({The mistake was to play} 33. Kb4 $2 Ne5 {and black gets some chance.})
33... Bxd7 34. Kb4 $1 {[%cal Ga4b6] Now black is hopeless against white's
threats.} Ke7 35. Ra6 e5 36. Rxb6 {White is a pawn up. He has two connected
advanced pawns, so the rest is an easy job.} Rd8 37. Rb7 Kf6 38. Nc5 Be8 39.
Rc7 {and passed "b" pawn is unstopable.} 1-0

[Event "EU-ch 4th"]
[Site "Istanbul"]
[Date "2003.06.11"]
[Round "11"]
[White "Erenburg, Sergey"]
[Black "Izoria, Zviad"]
[Result "1/2-1/2"]
[WhiteElo "2499"]
[BlackElo "2569"]
[Annotator "Erenburg,S"]
[PlyCount "47"]
[EventDate "2003.05.30"]
[EventType "swiss"]
[EventRounds "13"]
[EventCountry "TUR"]
[SourceTitle "CBM 096"]
[Source "ChessBase"]
[SourceDate "2003.09.25"]
[SourceVersion "1"]
[SourceVersionDate "2003.09.25"]
[SourceQuality "1"]

1. e4 c5 2. c3 d5 3. exd5 Qxd5 4. d4 Nf6 5. Nf3 e6 6. Be3 {Another theoretical
line is} (6. Na3 {1-0 Totsky,L-Peregudov,N/Perm 1997/CBM 58/[Har Zvi] (34)})
6... cxd4 7. cxd4 Nc6 8. a3 {This move has an important function- to prevent
moves, such as Bb4 and Nb4, because white is preparing to develop his knight
to c3 with following Bd3. White has another option of completing the
development: Nc3 with following Bc4:} (8. Nc3 Qd6 9. Bc4 {See commented game
0-1 Span,P-Chuchelov,V/Netherlands 1998/CBM 64/[Chuchelov] (22)}) 8... Be7 9.
Nc3 Qd6 10. Bd3 b6 {Sometimes black prefers this continuation to 10...0-0 in
order to avoid the variation with} (10... O-O 11. Qc2) 11. O-O Bb7 12. Qe2 O-O
13. Rad1 {White chose to put his rooks on the e1 and d1 squares, in order to
have more chances in attack on the black monarch, while option of Ra1-c1,
Rf1-d1 is more "positional" option.} Rad8 14. Bb1 {White tride also} (14. Bg5
g6 15. Bc4 Nd5 16. Nxd5 exd5 17. Bb5 Bxg5 18. Nxg5 Rfe8 $11 19. Qd2 f6 20. Nh3
Re7 21. Rfe1 Rde8 22. Rxe7 Rxe7 23. Bxc6 Bxc6 {1/2-1/2 Jenni,F-Tiviakov,S/4th
IECC, Istanbul TUR 2003 (23)}) 14... Qb8 (14... Rfe8 {0-1 Jonkman,H-Tiviakov,S/
Leeuwarden 2002/CBM 90/[Rogozenko] (49)}) 15. Bg5 Rfe8 16. Rfe1 {White has
occupied ideal positions for his pieces in order to start the attack with
following Qc2.} g6 17. h3 $146 {Probably after this move white cannot get the
advantage, while more principal was typical reaction on balck's g7-g6-
transfer of light-squared bishop on diagonal a2-g8:} (17. Ba2 Ng4 (17... Nh5
18. d5 (18. Bh6 Bf6 19. Qe3 Bg7 20. Bxg7 Kxg7 21. Ne5 Nf6 $11 {1/2-1/2 Adams,
M-Hulak,K/Wijk aan Zee 1995/CBM 46 (53)}) 18... exd5 19. Rxd5 Bf8 $11 {1/2-1/2
Pavasovic,D-Horvath,C/Pozega 2000/EXT 2001 (44)}) 18. g3 (18. Bxe7 Nxd4 19.
Rxd4 Rxd4 $1 $17) 18... Bxg5 (18... Nf6 19. Qe3 Ng4 20. Qe2 Nf6 21. Qe3 Ng4 22.
Qc1 Nf6 23. d5 Nxd5 24. Bxd5 exd5 25. Nxd5 Bxg5 26. Qxg5 Rxe1+ 27. Rxe1 Qd6 28.
Nf6+ Kh8 29. Qh4 Kg7 {1/2-1/2 Berelovich,A-Korneev,O/Minsk 1998/CBM 64 ext (29)
}) 19. Nxg5 Nh6 (19... Nf6 20. Qf3 Kg7 21. Nce4 $18) 20. Nce4 $13 Kg7 21. Qf3
f5 22. Nxe6+ Rxe6 23. Bxe6 fxe4 24. Qc3 Rf8 (24... Kf6 25. d5+ Qe5 26. dxc6
Qxc3 27. bxc3 Rxd1 28. Rxd1 Bxc6 29. Bd5 {1-0 Pavasovic,D-Chan Peng Kong/Bled
2002/EXT 2003 (29)}) 25. d5+ {1-0 Pavasovic,D-Horvath,J/AUT 2002/CBM 90 ext 
(25)}) (17. h4 Ng4 18. Bxe7 Rxe7 19. Ne5 Ngxe5 20. dxe5 Rxd1 21. Nxd1 Qd8 22.
Nc3 Qd4 $13 {0-1 Jonkman,H-Tiviakov,S/Valle d'Aosta ITA 2002 (31)}) 17... Nh5
$1 18. Qe3 {After this move black has more than one possibility to equalize.
White would continue to fight for the advantage after} (18. Bh6 $5 Nf4 (18...
Bf8 $5) 19. Qe3 Bd6 20. Be4 {[%cal Gf3e5]}) 18... Bxg5 19. Qxg5 Ne7 $5 {
[%cal Ge7d5] Black would equalize easily, trading the queens:} (19... Qf4 20.
d5 Ne7 $6 (20... exd5 {promises equality} 21. Rxe8+ Rxe8 22. Nxd5 Qxg5 23. Nxg5
$11 Kg7 $2 24. g4) 21. dxe6 Rxd1 (21... Bxf3 $2 22. exf7+ Kxf7 (22... Qxf7 23.
Rxd8 Rxd8 24. Ba2 $18) 23. Rxe7+ Rxe7 24. Qxf4+ Nxf4 25. Rxd8 Bxg2 26. Rd4 Ne6
27. Rh4 $16) 22. exf7+ Kxf7 23. Qxf4+ Nxf4 24. Ng5+ Kg7 25. Rxd1 Bxg2 26. Ne6+
(26. Rd7 $5) 26... Nxe6 27. Kxg2 $11) 20. Be4 {20.Ne4 provides to more
complicated game, than the move in the game.} (20. Ne4 Nf5 $13 {/=} (20... Nd5
21. Rc1 f6 $11) 21. g4 $2 Nf4) 20... Nd5 21. Nxd5 (21. Rc1 $11) 21... Bxd5 22.
Bxd5 Rxd5 23. Qe3 Nf6 (23... Ng7 24. g4 $5 $11 {[%cal Gf3e5]}) 24. Rc1 {
The final position of the game is typical one with the isolated pawn. White is
going to put his rooks on "c" line, that will cause black to change the rooks.
Otherwise, white can fight for the advantage after occupying the e5 square by
the knight.} 1/2-1/2

[Event "Linares 12th"]
[Site "Linares"]
[Date "1994.??.??"]
[Round "7"]
[White "Lautier, Joel"]
[Black "Gelfand, Boris"]
[Result "1/2-1/2"]
[WhiteElo "2625"]
[BlackElo "2685"]
[Annotator "Ernst,T"]
[PlyCount "70"]
[EventDate "1994.02.??"]
[EventType "tourn"]
[EventRounds "13"]
[EventCountry "ESP"]
[EventCategory "18"]
[SourceTitle "CBM 040"]
[Source "ChessBase"]
[SourceDate "1994.06.01"]
[SourceVersion "1"]
[SourceVersionDate "1994.06.01"]
[SourceQuality "1"]

1. e4 c5 2. c3 Nf6 3. e5 Nd5 4. d4 cxd4 5. Nf3 Nc6 6. Bc4 Nb6 7. Bb3 d6 8. exd6
Qxd6 9. O-O Be6 10. Na3 dxc3 $1 11. Qe2 Bxb3 12. Nb5 Qb8 13. axb3 e5 14. Nbd4 (
14. Bf4 Bd6 15. Rad1 O-O 16. Nxd6 exf4 17. bxc3 {Motwani,P-Ernst,T/Gausdal
Troll/1992/} Rd8 $1 $10) (14. Nfd4 g6 $2 (14... Nxd4 15. Nxd4 f6 16. bxc3 Kf7
$10 {Soloviev,S-Vaulin,A/USSR 47-205/1988/}) 15. Nxc6 bxc6 16. Nxa7 $1 Qc7 17.
Be3 Bd6 18. Nb5 cxb5 19. Bxb6 $16 {Janovsky,S-Timoshenko,G/Voskresensk/1992/})
(14. bxc3 Be7 15. Be3 Nc8 16. c4 O-O 17. c5 b6 $10 {Svesnikov,E-Yudasin,L/USSR
41-150/1986/}) 14... Nxd4 (14... Bd6 15. Nf5 g6 16. Nxd6+ Qxd6 17. bxc3 f6 $10
{Soloviov,S-Ionov,S/USSR 42-(165)/1986/}) 15. Nxd4 f6 16. bxc3 Kf7 17. Nb5 a6
18. Be3 axb5 19. Bxb6 Rxa1 20. Rxa1 Qe8 21. Ra5 b4 $1 (21... Qc6 22. Qxb5 Qxc3
23. Qd5+ Kg6 24. g4 Qc6 $10 {Blauert,J-Jirovsky,M/2.BLN/1993/}) 22. c4 Qc6 23.
Rb5 Be7 24. Ba5 Ra8 25. h3 Kg8 26. Qe1 (26. Bxb4 Bxb4 27. Rxb4 Ra1+ 28. Kh2 e4
29. Rb5 Qd6+ 30. g3 $13) 26... Bc5 27. Bxb4 Bd4 28. Bc3 Bc5 29. Bb4 Bd4 30. Bc3
Bc5 31. Qd2 b6 32. b4 Be7 33. Rxb6 Qxc4 34. Qd7 Ra1+ 35. Bxa1 Qc1+ (35... Qc1+
36. Kh2 Qf4+ $10) 1/2-1/2

[Event "RUS-Cup3"]
[Site "Omsk"]
[Date "1996.??.??"]
[Round "6"]
[White "Smirnov, Pavel"]
[Black "Fedorov, Alexei"]
[Result "0-1"]
[WhiteElo "2330"]
[BlackElo "2555"]
[Annotator "Fedorov,A"]
[PlyCount "60"]
[EventDate "1996.12.13"]
[EventType "swiss"]
[EventRounds "9"]
[EventCountry "RUS"]
[SourceTitle "CBM 057"]
[Source "ChessBase"]
[SourceDate "1997.04.01"]
[SourceVersion "1"]
[SourceVersionDate "1997.04.01"]
[SourceQuality "1"]

1. e4 c5 2. c3 d6 3. d4 Nf6 4. dxc5 Nc6 5. Bc4 Nxe4 6. Bxf7+ Kxf7 7. Qh5+ (7.
Qd5+ e6 8. Qxe4 d5 $146) 7... Kg8 8. Qd5+ e6 9. Qxe4 d5 10. Qe3 b6 11. cxb6
Qxb6 $5 {N/} (11... axb6 $5 $146) 12. Qxb6 $2 (12. Nf3 $5 e5 13. Qxb6 axb6 14.
O-O $14) 12... axb6 13. Nf3 Ba6 $1 14. Be3 e5 15. a3 (15. Nbd2 e4 16. Nd4 Ne5
17. O-O-O Bd3 $22 $17 18. a3 Rxa3 $1) (15. Kd2 $5) 15... Re8 16. b4 $6 (16. Kd2
Rd8 $146) 16... d4 17. Bg5 $2 (17. Bd2 $5) 17... h6 18. Bh4 g5 19. Bg3 Bg7 20.
Nfd2 e4 $19 21. c4 e3 22. b5 exd2+ 23. Kd1 (23. Kxd2 d3 24. Ra2 Re2+ $19) 23...
Bb7 24. bxc6 Bxc6 25. Kxd2 (25. Nxd2 d3 26. Rb1 Re2 $19) 25... Bxg2 26. Re1 Kf7
27. Rxe8 Rxe8 28. a4 Bf1 29. Na3 Re2+ 30. Kd1 d3 0-1